| 000 | 00892nam a2200277 4500 | ||
|---|---|---|---|
| 001 | 000768 | ||
| 003 | DO-SdBNP | ||
| 005 | 20240807093116.0 | ||
| 007 | 000768 | ||
| 008 | 161129b2005 ck 00| 0 spa d | ||
| 020 | _a9583009199 | ||
| 040 |
_aBPMSU _bspa _cBPMSU |
||
| 082 | 4 |
_a843.47 _bP454p 2005 _222 |
|
| 100 | 1 |
_aPerrault, Charles _d1628-1703 _968 |
|
| 245 | 1 | 0 |
_aPulgarcito / _cCharles Perrault ; ilustraciones de Javier Fernando Porras Rodríguez. |
| 260 |
_aBogotá : _bPanamericana Editorial, _c2002 |
||
| 300 |
_a8 p. : _bil. ; _c27 cm. |
||
| 490 | 0 | _aBiblioteca del cuento. | |
| 590 | _aInventariado, 2024/VM | ||
| 650 | 4 | _aCuentos infantiles franceses | |
| 650 | 4 | _aLiteratura infantil francesa | |
| 650 | 4 | _aLibros infantiles ilustrados | |
| 700 | 1 |
_aPorras Rodrígues, Javier Fernando, _eilustración |
|
| 910 | _aVMateo V. Control de calidad BPMSU | ||
| 942 |
_2ddc _cBK |
||
| 999 |
_c12166 _d12166 |
||